000 00409nam a2200157Ia 4500
008 231217s9999 xx 000 0 und d
041 _aEnglish
082 _a621.381044 NTT
100 _aNTTF
245 2 _aA text book on power elctronics V2
260 _bNew Delhi : Dept. of Electronics,
300 _a255
400 _aImpact learning materials series
650 _apower,elctronics
942 _cAA
999 _c169902
_d169902